How to Chop Onions Without Tears (Spacebar Challenge) Quiz Stats

 Plays Quiz Updated Aug 18, 2016

Challenge
Share
Tweet
Score 0/150 Timer 00:30
35 Plays Today
Hint Answer % Correct
99.6%
99.2%
99.1%
99%
99%
98.9%
98.9%
98.8%
98.7%
98.7%
98.6%
98.6%
98.6%
98.5%
98.5%
98.4%
98.4%
98.4%
98.3%
98.2%
98.2%
98.2%
98.1%
98.1%
98.1%
98%
98%
97.9%
97.9%
97.8%
97.8%
97.7%
97.7%
97.6%
97.6%
97.5%
97.5%
97.4%
97.4%
97.4%
97.3%
97.2%
97.2%
97.1%
97.1%
97%
97%
97%
96.9%
96.9%
Hint Answer % Correct
96.8%
96.8%
96.8%
96.8%
96.7%
96.6%
96.6%
96.5%
96.5%
96.5%
96.4%
96.4%
96.3%
96.3%
96.2%
96.2%
96.1%
96%
96%
96%
95.9%
95.9%
95.8%
95.8%
95.7%
95.7%
95.6%
95.5%
95.5%
95.4%
95.3%
95.2%
95.2%
95.1%
95%
95%
94.9%
94.8%
94.7%
94.6%
94.5%
94.5%
94.4%
94.3%
94.2%
94.1%
94.1%
94%
93.9%
93.8%
Hint Answer % Correct
93.7%
93.6%
93.5%
93.4%
93.3%
93.2%
93.1%
92.9%
92.8%
92.7%
92.6%
92.4%
92.3%
92.2%
92%
91.9%
91.7%
91.5%
91.4%
91.2%
91%
90.9%
90.7%
90.5%
90.3%
90.1%
89.9%
89.8%
89.5%
89.3%
89%
88.8%
88.5%
88.3%
88%
87.7%
87.4%
87.1%
86.7%
86.4%
86.1%
85.7%
85.3%
85%
84.5%
84%
83.6%
83.2%
82.8%
82.3%

You're not logged in!

Compare scores with friends on all Sporcle quizzes.
OR
Log In

You Might Also Like...

Show Comments

Extras

Top Quizzes Today


Score Distribution

Your Account Isn't Verified!

In order to create a playlist on Sporcle, you need to verify the email address you used during registration. Go to your Sporcle Settings to finish the process.

Report this User

Report this user for behavior that violates our Community Guidelines.

Details: